The Best School Year Ever / (Record no. 5085)

MARC details
000 -LEADER
fixed length control field 00934nam a22003017a 4500
001 - CONTROL NUMBER
control field 5085
003 - CONTROL NUMBER IDENTIFIER
control field FISKH
005 - DATE AND TIME OF LATEST TRANSACTION
control field 20241105124154.0
008 - FIXED-LENGTH DATA ELEMENTS--GENERAL INFORMATION
fixed length control field 241105b cb ||||| |||| 00| 0 eng d
020 ## - INTERNATIONAL STANDARD BOOK NUMBER
International Standard Book Number 9780545297233
040 ## - CATALOGING SOURCE
Original cataloging agency FISKH
Language of cataloging eng
Transcribing agency FISKH
Modifying agency FISKH
050 ## - LIBRARY OF CONGRESS CALL NUMBER
Classification number PZ7.R5628
082 ## - DEWEY DECIMAL CLASSIFICATION NUMBER
Classification number 808.899
100 ## - MAIN ENTRY--PERSONAL NAME
Personal name Robinson, Babara
245 ## - TITLE STATEMENT
Title The Best School Year Ever /
Statement of responsibility, etc. by Barbara Robinson
250 ## - EDITION STATEMENT
Edition statement First Scholastic printing , September 2010
260 ## - PUBLICATION, DISTRIBUTION, ETC.
Place of publication, distribution, etc. New York :
Name of publisher, distributor, etc. Scholastic ;
Date of publication, distribution, etc. 1994 .
300 ## - PHYSICAL DESCRIPTION
Extent 155 pages :
Other physical details illustrations ;
Dimensions 18 cm .
490 ## - SERIES STATEMENT
Series statement The Herdmans
Volume/sequential designation Book 2
505 ## - FORMATTED CONTENTS NOTE
Formatted contents note Z <br/>
520 ## - SUMMARY, ETC.
Summary, etc. The six horrible Herdmans, the worst kids in the history of the world, cause mayhem throughout the school year.
521 8# - TARGET AUDIENCE NOTE
Target audience note 1020 <br/>
Source Lexile <br/>
521 8# - TARGET AUDIENCE NOTE
Target audience note Z <br/>
Source Raz-Plus <br/>
650 ## - SUBJECT ADDED ENTRY--TOPICAL TERM
Topical term or geographic name entry element school
Form subdivision fiction
700 ## - ADDED ENTRY--PERSONAL NAME
Personal name Elaine, Stritch
Relator term editor
942 ## - ADDED ENTRY ELEMENTS (KOHA)
Source of classification or shelving scheme Dewey Decimal Classification
Koha item type Books
Suppress in OPAC No
Holdings
Withdrawn status Lost status Source of classification or shelving scheme Damaged status Not for loan Collection Home library Current library Shelving location Date acquired Total Checkouts Full call number Barcode Date last seen Copy number Price effective from Koha item type Date last checked out
    Dewey Decimal Classification     Fiction Footprints International School Library Network Toul Kork Campus Footprints International School Library Network Toul Kork Campus TTP Secondary Fiction Bookshelves 11/05/2024   ROB 808.899 PZ7.R5628 FIS00704 11/05/2024 1 11/05/2024 Books  
    Dewey Decimal Classification     Fiction Footprints International School Library Network Toul Kork Campus Footprints International School Library Network Toul Kork Campus TTP Secondary Fiction Bookshelves 11/05/2024 1 ROB 808.899 PZ7.R5628 FIS00319 05/08/2025 2 11/05/2024 Books 03/21/2025